Ancient Indian music / (Record no. 51319)

MARC details
000 -LEADER
fixed length control field 00549nam a2200205Ia 4500
005 - DATE AND TIME OF LATEST TRANSACTION
control field 20260429111908.0
008 - FIXED-LENGTH DATA ELEMENTS--GENERAL INFORMATION
fixed length control field 260429s9999||||xx |||||||||||||| ||und||
020 ## - INTERNATIONAL STANDARD BOOK NUMBER
International Standard Book Number 9789360845292
041 ## - LANGUAGE CODE
Language English
082 ## - DEWEY DECIMAL CLASSIFICATION NUMBER
Classification number 781.62054
Item number CHA
100 ## - MAIN ENTRY--PERSONAL NAME
Personal name Chakravarthy, P.
245 #0 - TITLE STATEMENT
Title Ancient Indian music /
Statement of responsibility, etc P. Chakravarthy
260 ## - PUBLICATION, DISTRIBUTION, ETC. (IMPRINT)
Place of publication, distribution, etc New Delhi :
Name of publisher, distributor, etc Wordpen Academics,
Date of publication, distribution, etc 2026.
300 ## - PHYSICAL DESCRIPTION
Extent viii, 251 p.; hb
650 ## - SUBJECT ADDED ENTRY--TOPICAL TERM
Topical term or geographic name as entry element Indian music
650 ## - SUBJECT ADDED ENTRY--TOPICAL TERM
Topical term or geographic name as entry element Ancient music
700 ## - ADDED ENTRY--PERSONAL NAME
Personal name George, Rajesh P.
700 ## - ADDED ENTRY--PERSONAL NAME
Personal name Kumar, Anikha S.
942 ## - ADDED ENTRY ELEMENTS (KOHA)
Koha item type Text Books
Holdings
Withdrawn status Lost status Damaged status Not for loan Collection code Home library Location Shelving location Date of Cataloging Source of acquisition Total Checkouts Full call number Barcode Date last seen Price effective from Koha item type
        Non-fiction CUTN Central Library CUTN Central Library Arts & Sports 29/04/2026 Shanti Books, Chennai - Invoice No. 3100 on 09-02-2026   781.62054 CHA 56263 29/04/2026 29/04/2026 Text Books